ACP -EU fisheries research initiative

Uloženo v:
Podrobná bibliografie
Médium: Kniha
Jazyk:Undetermined
Vydáno: ACP 2002
Témata:
Tagy: Přidat tag
Žádné tagy, Buďte první, kdo otaguje tento záznam!
Thư viện lưu trữ: Trung tâm Học liệu Trường Đại học Cần Thơ
LEADER 00444nam a2200145Ia 4500
001 CTU_52893
008 210402s9999 xx 000 0 und d
082 |a 639 
082 |b A832/No.12 
245 0 |a ACP -EU fisheries research initiative 
245 0 |c Edited by Villy Christensen, Gunther Reck and Jay L. Maclean 
260 |b ACP 
260 |c 2002 
650 |a fish-culture,aquaculture 
980 |a Trung tâm Học liệu Trường Đại học Cần Thơ